[Event "Grenoble Masters 2nd"]
[Site "Grenoble"]
[Date "2003.06.23"]
[Round "4"]
[White "Demarchi, Olivier"]
[Black "Foisor, Cristina Adela B"]
[Result "1-0"]
[WhiteElo "2222"]
[BlackElo "2395"]
[PlyCount "109"]
[EventDate "2003.06.21"]
[EventType "tourn"]
[EventRounds "9"]
[EventCountry "FRA"]
[EventCategory "3"]
[SourceTitle "CBM 094 Extra"]
[Source "ChessBase"]
[SourceDate "2003.07.09"]
[SourceVersion "2"]
[SourceVersionDate "2003.07.09"]
[SourceQuality "1"]

1. d4 d5 2. c4 c6 3. Nc3 Nf6 4. e3 a6 5. Qc2 g6 6. Nf3 Bg7 7. Bd3 0-0 8. 0-0 b5 9. b3 Bg4 10. Ne5 Be6 11. f4 Nfd7 12. Ne2 Ra7 13. Bd2 dxc4 14. bxc4 Nxe5 15. fxe5 Rd7 16. Nf4 bxc4 17. Bxc4 Bxc4 18. Qxc4 Bxe5 19. Ne6 Bxh2+ 20. Kxh2 fxe6 21. Qxe6+ Kg7 22. Rxf8 Qxf8 23. Rb1 Rd6 24. Qe5+ Kg8 25. Rb7 c5 26. d5 g5 27. Rxe7 Qh6+ 28. Kg1 Qf6 29. Re8+ Kf7 30. Qxf6+ Kxf6 31. Bc3+ Kf7 32. Rxb8 Rxd5 33. Rb7+ Ke6 34. Rb6+ Kf5 35. Rxa6 Rd3 36. Be1 Rxe3 37. Bf2 Rc3 38. Ra5 Ke4 39. Rxc5 Ra3 40. Rxg5 Rxa2 41. Rg7 h5 42. Rg5 Ra1+ 43. Kh2 Rf1 44. Bg3 h4 45. Bxh4 Kf4 46. g3+ Ke4 47. Rg8 Rf7 48. Kh3 Kf3 49. Rg6 Rh7 50. Rf6+ Ke4 51. Rf1 Ke5 52. g4 Ke6 53. g5 Rh8 54. Kg4 Ra8 55. g6 1-0

[Event "Avoine op 15th"]
[Site "Avoine"]
[Date "2000.??.??"]
[Round "9"]
[White "Demarchi, Olivier"]
[Black "Weemaes, Ronald"]
[Result "0-1"]
[WhiteElo "2165"]
[BlackElo "2295"]
[PlyCount "98"]
[EventDate "2000.07.03"]
[EventType "swiss"]
[EventRounds "9"]
[EventCountry "FRA"]
[SourceTitle "EXT 2001"]
[Source "ChessBase"]
[SourceDate "2000.11.22"]
[SourceVersion "1"]
[SourceVersionDate "2000.11.22"]
[SourceQuality "1"]

1. d4 Nf6 2. c4 c5 3. d5 b5 4. cxb5 a6 5. Nc3 d6 6. e4 g6 7. Nf3 Nfd7 8. bxa6 Bxa6 9. Be2 Bg7 10. 0-0 0-0 11. Re1 Qa5 12. Bg5 Re8 13. Rc1 Bxe2 14. Rxe2 Ne5 15. Nxe5 Bxe5 16. h4 Nd7 17. h5 Nf6 18. hxg6 hxg6 19. Qd2 Kg7 20. Bh6+ Kh7 21. Re3 Rh8 22. Rh3 Kg8 23. f3 Qb4 24. Rc2 Rh7 25. g3 Qd4+ 26. Kg2 Qc4 27. b3 Qb4 28. Na4 Qb5 29. Qe2 Qb7 30. Bd2 Rxh3 31. Kxh3 Kg7 32. Kg2 Rh8 33. Bc3 Bxc3 34. Nxc3 Qc8 35. g4 Qg8 36. Kg1 Rh3 37. Qg2 Qh8 38. Ne2 Qh4 39. Rc1 Nd7 40. a4 Ne5 41. Rf1 c4 42. a5 cxb3 43. a6 b2 44. Nc3 Rg3 45. a7 Qh3 46. Rf2 Nxf3+ 47. Kf1 Rxg2 48. Rxg2 Nd2+ 49. Kg1 Qxc3 0-1

[Event "FRA-chT2S 9899"]
[Site "France"]
[Date "1998.11.14"]
[Round "2"]
[White "Demarchi, Olivier"]
[Black "Parr, Erik"]
[Result "1-0"]
[WhiteElo "2105"]
[BlackElo "2285"]
[PlyCount "73"]
[EventDate "1998.??.??"]
[EventType "team"]
[EventRounds "9"]
[EventCountry "FRA"]
[SourceTitle "EXT 2002"]
[Source "ChessBase"]
[SourceDate "2001.11.25"]
[SourceVersion "1"]
[SourceVersionDate "2001.11.25"]
[SourceQuality "1"]

1. d4 Nf6 2. c4 d6 3. Nf3 g6 4. Nc3 Bg7 5. e4 0-0 6. Be2 e5 7. 0-0 Nc6 8. d5 Ne7 9. Nd2 Nd7 10. b4 a5 11. bxa5 Rxa5 12. Nb3 Ra8 13. a4 f5 14. f3 g5 15. a5 Ng6 16. Ba3 Nf4 17. Bb4 g4 18. fxg4 fxg4 19. Bxg4 Qg5 20. g3 Nf6 21. Bxc8 Raxc8 22. Kh1 N4h5 23. Rf5 Qg6 24. Qf3 Bh6 25. Rf1 Bg5 26. c5 Ng7 27. cxd6 Nxf5 28. exf5 Qg7 29. dxc7 Qxc7 30. Bxf8 Qxc3 31. Be7 Qb2 32. Nc5 Qd2 33. Bxf6 Rxc5 34. Bxg5 Qxg5 35. f6 Qd2 36. Qg4+ Kh8 37. Qg7# 1-0

[Event "FRA-ch op-A"]
[Site "Narbonne"]
[Date "1997.??.??"]
[Round "7"]
[White "Demarchi, Olivier"]
[Black "Goncalves, Laurent"]
[Result "1-0"]
[WhiteElo "2105"]
[BlackElo "1890"]
[PlyCount "47"]
[EventDate "1997.08.??"]
[EventType "swiss"]
[EventRounds "11"]
[EventCountry "FRA"]
[SourceTitle "EXT 2021"]
[Source "ChessBase"]
[SourceDate "2020.10.23"]
[SourceVersion "1"]
[SourceVersionDate "2020.10.23"]
[SourceQuality "1"]

1. d4 Nf6 2. c4 g6 3. g3 c6 4. Bg2 d5 5. cxd5 cxd5 6. Nf3 Bg7 7. 0-0 Ne4 8. Ne5 Nd7 9. f3 Nd6 10. f4 e6 11. Be3 0-0 12. Nc3 Nb6 13. h3 Bd7 14. Bf2 Rc8 15. Qd3 Qe7 16. Rac1 Rc7 17. a4 Rfc8 18. Qd2 Be8 19. g4 Nd7 20. Rc2 b5 21. Rfc1 a6 22. Nxd5 exd5 23. Rxc7 Nc4 24. R7xc4 1-0

[Event "FRA-chT U18"]
[Site "France"]
[Date "1996.??.??"]
[Round "?"]
[White "Demarchi, Olivier"]
[Black "Peigney, Frederic"]
[Result "1-0"]
[WhiteElo "1870"]
[BlackElo "1710"]
[PlyCount "53"]
[EventDate "1996.??.??"]
[EventType "team"]
[EventRounds "11"]
[EventCountry "FRA"]
[SourceTitle "EXT 2004"]
[Source "ChessBase"]
[SourceDate "2003.11.25"]
[SourceVersion "1"]
[SourceVersionDate "2003.11.25"]
[SourceQuality "1"]

1. d4 Nf6 2. c4 e5 3. dxe5 Ng4 4. e4 Nxe5 5. f4 Nbc6 6. Be3 Ng6 7. Nf3 b6 8. Bd3 Bc5 9. Qd2 Bxe3 10. Qxe3 Qf6 11. Nc3 Qxf4 12. Qe2 Nb4 13. 0-0 0-0 14. Rad1 Qg4 15. Bb1 d6 16. Qd2 Bb7 17. Nd5 Nxd5 18. cxd5 Ne5 19. Rc1 Rac8 20. Nd4 c6 21. dxc6 Nxc6 22. Nf5 Rfd8 23. Qd5 Na5 24. Rxc8 Bxc8 25. Nh6+ gxh6 26. Qxf7+ Kh8 27. Qf6+ 1-0